Catalog

Record Details

Catalog Search



Superman returns : thank you, Superman! / [Board ... Read More

Siegel, Jerry, 1914-1996(Added Author). Shuster, Joe.(Added Author). ... Read More

Available copies

  • 0 of 1 copy available at LARL/NWRL Consortium.

Current holds

0 current holds with 1 total copy.

Show Only Available Copies
Location Call Number / Copy Notes Barcode Shelving Location Status Due Date
Roseau Public Library e HAR (BOARD BOOK) (Text) 35500004320071 Main Checked out 06/22/2026

Record details

  • ISBN: 0696229021 (board)
  • ISBN: 9780696229022 (board)
  • Physical Description: 1 v. (unpaged) : col. ill. ; 21 cm.
  • Edition: 1st ed.
  • Publisher: Des Moines, IA : Meredith Children's Books, c2006.

Content descriptions

General Note:
"Official movie book"--Cover.
"Superman created by Jerry Siegel and Joe Shuster"--Cover p. [4].
On board pages.
Summary, etc.:
Superman rescues people from all kinds of ... Read More
Subject: Superman (Fictitious character) > Juvenile fiction.
Heroes > Juvenile fiction.
Rescues > Juvenile fiction.
Superman (Fictitious character) > Fiction.
Heroes > Fiction.
Rescues > Fiction.
Science fiction.
Genre: Board books.
Science fiction.
Movie novels.
LDR 01719cam a22004575a 4500
00194481
003LARL_NWRL_CONSORTIUM
00520080305154132.0
008080111s2006 iaua j 000 1 eng d
010 . ‡a2008295516
020 . ‡a0696229021 (board)
020 . ‡a9780696229022 (board)
035 . ‡a(OCoLC)69678307
040 . ‡aBKX ‡cBKX ‡dBAKER ‡dBTCTA ‡dDLC
042 . ‡alccopycat
08204. ‡a[E] ‡222
1001 . ‡aHarper, Ben, ‡d1969- ‡0(LARL_NWRL_CONSORTIUM)145032
24510. ‡aSuperman returns : ‡bthank you, Superman! / ‡h[Board Book] ‡c[by Benjamin Harper ; illustrated by Loston Wallace with John Trumbull].
24630. ‡aThank you, Superman!
250 . ‡a1st ed.
260 . ‡aDes Moines, IA : ‡bMeredith Children's Books, ‡cc2006.
300 . ‡a1 v. (unpaged) : ‡bcol. ill. ; ‡c21 cm.
500 . ‡a"Official movie book"--Cover.
500 . ‡a"Superman created by Jerry Siegel and Joe Shuster"--Cover p. [4].
500 . ‡aOn board pages.
520 . ‡aSuperman rescues people from all kinds of dangerous situations.
650 0. ‡aSuperman (Fictitious character) ‡vJuvenile fiction.
650 0. ‡aHeroes ‡vJuvenile fiction. ‡0(LARL_NWRL_CONSORTIUM)165592
650 0. ‡aRescues ‡vJuvenile fiction. ‡0(LARL_NWRL_CONSORTIUM)174660
655 0. ‡aBoard books.
650 1. ‡aSuperman (Fictitious character) ‡vFiction. ‡0(LARL_NWRL_CONSORTIUM)175341
650 1. ‡aHeroes ‡vFiction. ‡0(LARL_NWRL_CONSORTIUM)165591
650 1. ‡aRescues ‡vFiction. ‡0(LARL_NWRL_CONSORTIUM)174659
650 1. ‡aScience fiction. ‡0(LARL_NWRL_CONSORTIUM)30394
655 7. ‡aScience fiction. ‡2gsafd
655 7. ‡aMovie novels. ‡2gsafd
7001 . ‡aSiegel, Jerry, ‡d1914-1996. ‡0(LARL_NWRL_CONSORTIUM)118216
7001 . ‡aShuster, Joe. ‡0(LARL_NWRL_CONSORTIUM)156453
7001 . ‡aWallace, Loston. ‡0(LARL_NWRL_CONSORTIUM)198041
7001 . ‡aTrumbull, John.
901 . ‡a94481 ‡bISxN ‡c94481 ‡tbiblio

Additional Resources